000 00655nam a2200241Ia 4500
003 OSt
005 20221007063642.0
006 a|||||r|||| 00| 0
007 ta
008 221006b |||||||| |||| 00| 0 eng d
024 _a1,332
037 _cReference Collections
040 _aFLL
_cFLL
_beng
041 _2eng
_aeng
082 _aX7295:Z2qN62, M3
100 _aMitra B. C.
_9245748
245 0 _aCustoms act, 1962
260 _aCalcutta
_bEastern Law House India
_c1983
300 _a674p
_ccm.
650 _aLaw of tax
942 _hX7295:Z2qN62, M3
_cREF
_2CC
999 _c1131762
_d1131762